000 00743nam a22002417a 4500
003 OSt
005 20210426101922.0
008 210120s1979 ||||| |||| 00| 0 eng d
020 _a0500271612
040 _aeng
_beng
_cDLC
041 _aeng
080 _a008
_bG-78
100 _9667
_aGreen, Peter
245 _aAncient Greece
_b: An Illustrated History with 208 Illustrations and 6 Maps
_c/ by: Thames and Hudson
250 _aUSA paperback edition
260 _aNew York
_bThames and Hudson
_c1979
300 _a192 p.
_bill.
365 _b14.95 usd
650 0 _9410
_aHistory of civilizations
653 _aცივილიზაციების ისტორია
653 _aსაბერძნეთი
942 _2udc
_cBK
999 _c901
_d901